000
00283nam a22001337a 4500
008
210303b ||||| |||| 00| 0 eng d
041
_a
eng
080
_a
611.085
082
_a
611.085
100
_a
9
101
_a
HIS
245
_a
The Ancient World
_c
Pareti, L
942
_2
udc
_c
BK
999
_c
55625
_d
55625